000
00305nam a2200109Ia 4500
008
171211s9999 xx 000 0 und d
245
_a
Citrus Genetics, Breeding and Biotechnology
245
_c
Iqrar Khan
260
_c
2007
650
_x
Biology
856
_u
http://down.ebook777.com/062/9780851990194.pdf
999
_c
350407
_d
350407